000 00319nam a22001217a 4500
008 180205b xxu||||| |||| 00| 0 eng d
041 _aeng
080 _a330.322
100 _a62
101 _aINV
245 _aORDERS PRODUCTION AND INVESTMENT A CYCLICAL AND STRUCTURAL ANALYSIS
_cVICTOR.Z
942 _2udc
_cBK
999 _c41743
_d41743